| 000 | 00440nam a2200145Ia 4500 | ||
|---|---|---|---|
| 008 | 210716s1990 xx 000 0 und d | ||
| 041 | _aeng | ||
| 082 | _a003.54 GRAD | ||
| 100 | _aGray, Daniel. | ||
| 245 |
_aInside coreldraw: practical guide to computer aided graphic design. _bPractical guide to computer aided graphic design. |
||
| 250 | _a1 | ||
| 260 |
_aGresham _bNew Riders Publishing _c1990 |
||
| 300 | _aviii,402 | ||
| 650 | _aNone | ||
| 999 |
_c181396 _d181396 |
||